04547nas a2200481 a 450000500170000000700030001700800410002002200130006102200210007404000250009504100080012011000460012821000100017424501030018426000900028730000700037731000190044736200370046650000330050350000900053650000490062652107840067565000630145965000760152265000320159885600580163094200480168895201360173695201360187295201360200895201360214495201360228095201360241695201870255295201870273995201910292695201910311795201910330895201830349995201830368295201830386599900170404820251113112911.0ta241030e2023 dr z||p|r||||||0| spa d a2960754X aDigital 20607582 aDO-SdBNPcBNPHUerda hspa aSociedad Dominicana de Pediatría936054 aADOPA aADOPA : barchivos dominicanos de pediatría y adolescentes /cSociedad Dominicana de Pediatría aSanto Domingo, República Dominicana : bSociedad Dominicana de Pediatría, c2023. avolumen : bilustraciones, fotografías, gráficas ; c25.5 cm. aCuatrimestral. aVol. 1, No. 1. Enero-abril 2023. aDonado por: Editora Búho.  aPublicación de divulgación científica de la Sociedad Dominicana de Pediatría. aPublicación en formato físico y digital. aArchivos Dominicanos de Pediatría y Adolescencia (ADOPA) es una revista científica, biarbitrada, del área de Pediatría y de las distintas subdisciplinas asociadas; surge como una iniciativa de la Sociedad Dominicana de Pediatría ante la necesidad de un espacio sistemático, riguroso y plural para la divulgación del conocimiento médico pediátrico de especialistas e investigadores dominicanos. Se presenta como un medio para la difusión gratuita de sus trabajos científicos de calidad sobre la niñez y la adolescencia dominicanas, por lo que su existencia es un estímulo para la producción científica, la investigación y la formación de una bibliografía nacional que responda a las realidades locales en el sector salud infantil y adolescente. 0aPediatría preventiva 986775vPublicaciones periódicas 0aPediatría 919620vPublicaciones periódicaszRepública Dominicana 0aRevista científica986776 uhttps://adopa.pediatriadominicana.org/index.php/adopa 2ddccISSUEhVol. 1, No. 1. Enero-abril 2023 00102ddc4056708SEaBNPHUbBNPHUd2024-10-30hVol. 1, No. 1. Enero-abril 2023l0p2024-6266r2024-10-30te.1w2024-10-30yISSUE 00102ddc4056708SEaBNPHUbBNPHUd2024-10-30hVol. 1, No. 1. Enero-abril 2023l0p2024-6267r2024-10-30te.2w2024-10-30yISSUE 00102ddc4056708SEaBNPHUbBNPHUd2024-10-30hVol. 1, No. 1. Enero-abril 2023l0p2024-6268r2024-10-30te.3w2024-10-30yISSUE 00102ddc4056708SEaBNPHUbBNPHUd2024-10-30hVol. 2, No. 2. Mayo-agosto 2024l0p2024-6269r2024-10-30te.1w2024-10-30yISSUE 00102ddc4056708SEaBNPHUbBNPHUd2024-10-30hVol. 2, No. 2. Mayo-agosto 2024l0p2024-6270r2024-10-30te.2w2024-10-30yISSUE 00102ddc4056708SEaBNPHUbBNPHUd2024-10-30hVol. 2, No. 2. Mayo-agosto 2024l0p2024-6271r2024-10-30te.3w2024-10-30yISSUE 00102ddc4056708SEaBNPHUbBNPHUd2025-05-30hVol. 2, No. 3. Septiembre-diciembre 2024l0p2025-4644r2025-05-30te.1w2025-05-30yISSUEzEsta revista tiene el material reducido. 00102ddc4056708SEaBNPHUbBNPHUd2025-05-30hVol. 2, No. 3. Septiembre-diciembre 2024l0p2025-4645r2025-05-30te.2w2025-05-30yISSUEzEsta revista tiene el material reducido. 00102ddc4056708SEaBNPHUbBNPHUd2025-11-13hVol. 3, No. 1. Enero-abril 2025l0p2025-13063r2025-11-13te.1w2025-11-13yISSUEzArchivos Dominicanos de Pediatría y Adolescencia.  00102ddc4056708SEaBNPHUbBNPHUd2025-11-13hVol. 3, No. 1. Enero-abril 2025l0p2025-13064r2025-11-13te.2w2025-11-13yISSUEzArchivos Dominicanos de Pediatría y Adolescencia.  00102ddc4056708SEaBNPHUbBNPHUd2025-11-13hVol. 3, No. 1. Enero-abril 2025l0p2025-13065r2025-11-13te.3w2025-11-13yISSUEzArchivos Dominicanos de Pediatría y Adolescencia.  00102ddc4056708SEaBNPHUbBNPHUcREd2026-05-22h Vol. 3, No. 2. mayo-agosto 2025l0p2026-4465r2026-05-22te.1w2026-05-22yISSUEzDisponible para consulta en Hemeroteca. 00102ddc4056708SEaBNPHUbBNPHUcREd2026-05-22h Vol. 3, No. 2. mayo-agosto 2025l0p2026-4466r2026-05-22te.2w2026-05-22yISSUEzDisponible para consulta en Hemeroteca. 00102ddc4056708SEaBNPHUbBNPHUcREd2026-05-22h Vol. 3, No. 2. mayo-agosto 2025l0p2026-4467r2026-05-22te.3w2026-05-22yISSUEzDisponible para consulta en Hemeroteca. c57942d57942